000 00851nab a2200241u 4500
001 16748
003 HDC
007 c| |||a|c|aaaa
008 210220b20140514my ||||| |||| 00| 0 may d
040 _aHDC
100 _aChe Wan Badrul Alias /
_eauthor
_97791
245 0 _aMIDF sedia peruntukan RM100 juta bantu PKS /
_cChe Wan Badrul Alias
336 _atext
_2rdacontent
337 _acomputer
_2rdamedia
338 _aonline resource
_2rdacarrier
650 _aMalaysian Industrial Development Finance Berhad (MIDF)
_916448
650 _asmall and medium enterprises (SME)
_97657
710 _aBERITA HARIAN
856 _zRequest full-text at [email protected]
942 _2lcc
942 _cNEWS
942 _kNWSC 004940
999 _c14064
_d14064